| 000 | 00876nam a22002177a 4500 | ||
|---|---|---|---|
| 999 |
_c61605 _d61605 |
||
| 005 | 20240328164842.0 | ||
| 008 | 240328s2012 enk||||| |||| 00| 0 eng d | ||
| 020 | _a9780313398179X | ||
| 041 | _aeng | ||
| 080 | _a355.40(73)+327 I-69 | ||
| 245 |
_aIntelligence Collection: _bHow to Plan and Execute Intelligence Collection in Complex Environments _cWayne Michael Hall, Gary Citrenbaum, Ervin J. Rokke, David A. Deptula. |
||
| 264 |
_aSanta Barbara : _bPraeger, _c2012. |
||
| 300 |
_a505 p.; _b24 cm. |
||
| 653 | _aდაზვერვის ინფორმაცია | ||
| 653 | _aპოლიტიკა | ||
| 700 |
_aMichael Hall, Wayne _eავტორი _921625 |
||
| 700 |
_aCitrenbaum, Gary _eავტორი _921626 |
||
| 700 |
_aRokke, Ervin J. _eავტორი _921627 |
||
| 700 |
_aDeptula, David A. _eავტორი _921628 |
||
| 942 |
_2udc _cBK |
||